[Event "Prague Open 2022 - A IM Open"]
[Site "Olympik hotel, Prague"]
[Date "2022.01.08"]
[Round "2"]
[Board "19"]
[White "Dev, Shah"]
[Black "Bouska, Jiri"]
[Result "1/2-1/2"]
[WhiteElo "2248"]
[BlackElo "2061"]
[PlyCount "0"]
[EventDate "2022.01.07"]
[EventRounds "9"]
[EventCountry "CZE"]

1. d4 {[%clk 1:24:19]} Nf6 {[%clk 1:30:34]} 2. c4 {[%clk 1:24:41]} g6
{[%clk 1:30:49]} 3. Nc3 {[%clk 1:25:05]} Bg7 {[%clk 1:31:12]} 4. Nf3
{[%clk 1:25:13]} O-O {[%clk 1:31:30]} 5. g3 {[%clk 1:25:39]} d6 {[%clk 1:31:54]}
6. Bg2 {[%clk 1:26:04]} c6 {[%clk 1:32:13]} 7. O-O {[%clk 1:26:26]} Bf5
{[%clk 1:32:27]} 8. Nh4 {[%clk 1:18:42]} Be6 {[%clk 1:32:39]} 9. d5
{[%clk 1:17:29]} cxd5 {[%clk 1:32:57]} 10. cxd5 {[%clk 1:17:52]} Bd7
{[%clk 1:32:56]} 11. e4 {[%clk 1:13:52]} Na6 {[%clk 1:27:51]} 12. h3
{[%clk 1:11:55]} Rc8 {[%clk 1:21:36]} 13. Be3 {[%clk 1:11:18]} Nc5
{[%clk 1:06:52]} 14. Qe2 {[%clk 0:42:34]} a6 {[%clk 0:56:36]} 15. Rfc1
{[%clk 0:27:50]} b5 {[%clk 0:54:18]} 16. b4 {[%clk 0:24:41]} Nb7 {[%clk 0:53:21]}
17. Qd2 {[%clk 0:19:24]} Rc4 {[%clk 0:50:35]} 18. Rab1 {[%clk 0:19:38]} Qb8
{[%clk 0:48:29]} 19. Bf1 {[%clk 0:12:09]} Nxe4 {[%clk 0:47:51]} 20. Nxe4
{[%clk 0:12:34]} Rxe4 {[%clk 0:48:14]} 21. Nf3 {[%clk 0:12:59]} e6
{[%clk 0:37:35]} 22. Bd3 {[%clk 0:12:53]} exd5 {[%clk 0:37:37]} 23. Bxe4
{[%clk 0:13:17]} dxe4 {[%clk 0:38:00]} 24. Ng5 {[%clk 0:13:33]} h6
{[%clk 0:36:50]} 25. Nxe4 {[%clk 0:13:56]} Bf5 {[%clk 0:37:09]} 26. f3
{[%clk 0:13:38]} d5 {[%clk 0:37:05]} 27. Bf4 {[%clk 0:07:23]} Qd8
{[%clk 0:37:08]} 28. g4 {[%clk 0:05:02]} Bxe4 {[%clk 0:36:40]} 29. fxe4
{[%clk 0:05:22]} Qb6+ {[%clk 0:36:41]} 30. Be3 {[%clk 0:05:20]} d4
{[%clk 0:36:32]} 31. Bxh6 {[%clk 0:04:13]} Bxh6 {[%clk 0:30:00]} 32. Qxh6
{[%clk 0:04:36]} Qd6 {[%clk 0:27:52]} 33. Rb3 {[%clk 0:03:40]} Qe5
{[%clk 0:28:10]} 34. Rd3 {[%clk 0:01:42]} Nd6 {[%clk 0:27:45]} 35. Rcd1
{[%clk 0:00:36]} Nc4 {[%clk 0:25:32]} 36. Re1 {[%clk 0:00:33]} Nb2
{[%clk 0:23:59]} 37. Rb3 {[%clk 0:00:32]} d3 {[%clk 0:22:55]} 38. Qe3
{[%clk 0:00:41]} Rd8 {[%clk 0:23:02]} 39. Rxb2 {[%clk 0:00:32]} Qxb2
{[%clk 0:23:22]} 40. e5 {[%clk 0:00:34]} Qxa2 {[%clk 0:19:26]} 41. Qg5
{[%clk 0:14:41]} Rd5 {[%clk 0:47:43]} 42. Qe3 {[%clk 0:03:58]} Rd7
{[%clk 0:44:00]} 43. Rc1 {[%clk 0:01:08]} d2 {[%clk 0:40:05]} 44. Rd1
{[%clk 0:01:36]} Kg7 {[%clk 0:39:40]} 45. Kf2 {[%clk 0:01:04]} Qc2
{[%clk 0:39:13]} 46. Qf3 {[%clk 0:00:57]} Qc4 {[%clk 0:38:19]} 47. Qf6+
{[%clk 0:00:58]} Kg8 {[%clk 0:38:25]} 48. e6 {[%clk 0:01:05]} Qxe6
{[%clk 0:37:58]} 49. Qxe6 {[%clk 0:01:34]} fxe6 {[%clk 0:38:17]} 50. Ke3
{[%clk 0:02:03]} Rh7 {[%clk 0:37:24]} 51. Rxd2 {[%clk 0:02:16]} Rxh3+
{[%clk 0:37:47]} 52. Kf4 {[%clk 0:02:44]} Rb3 {[%clk 0:37:26]} 53. Rd4
{[%clk 0:02:39]} Rc3 {[%clk 0:36:48]} 54. Rd6 {[%clk 0:01:43]} Kf7
{[%clk 0:36:10]} 55. g5 {[%clk 0:00:34]} Rc4+ {[%clk 0:35:58]} 56. Ke5
{[%clk 0:01:03]} Rxb4 {[%clk 0:35:57]} 57. Rxa6 {[%clk 0:01:25]} Ra4
{[%clk 0:35:27]} 58. Rb6 {[%clk 0:01:45]} Ra7 {[%clk 0:35:08]}  1/2-1/2

[Event "Prague Open 2022 - A IM Open"]
[Site "Olympik hotel, Prague"]
[Date "2022.01.08"]
[Round "2"]
[Board "20"]
[White "Zysko, Jan"]
[Black "Bomans, Arno"]
[Result "1/2-1/2"]
[WhiteElo "2090"]
[BlackElo "2246"]
[PlyCount "0"]
[EventDate "2022.01.07"]
[EventRounds "9"]
[EventCountry "CZE"]

1. d4 {[%clk 0:34:42]} Nf6 {[%clk 1:30:49]} 2. c4 {[%clk 0:35:08]} g6
{[%clk 1:30:59]} 3. Nc3 {[%clk 0:35:29]} d5 {[%clk 1:30:58]} 4. Nf3
{[%clk 0:35:54]} Bg7 {[%clk 1:30:56]} 5. Qb3 {[%clk 0:36:20]} dxc4
{[%clk 1:28:54]} 6. Qxc4 {[%clk 0:36:27]} Nc6 {[%clk 1:13:54]} 7. e4
{[%clk 0:35:51]} e5 {[%clk 1:00:36]} 8. dxe5 {[%clk 0:31:26]} Ng4
{[%clk 0:59:55]} 9. Bg5 {[%clk 0:27:22]} Ngxe5 {[%clk 0:58:02]} 10. Nxe5
{[%clk 0:21:34]} Nxe5 {[%clk 0:58:26]} 11. Qa4+ {[%clk 0:19:35]} Bd7
{[%clk 0:57:33]} 12. Bxd8 {[%clk 0:18:01]} Bxa4 {[%clk 0:58:00]} 13. Bxc7
{[%clk 0:17:09]} Bc6 {[%clk 0:58:10]} 14. Be2 {[%clk 0:15:31]} O-O
{[%clk 0:57:47]} 15. O-O {[%clk 0:15:57]} Nd7 {[%clk 0:54:55]}  1/2-1/2

[Event "Prague Open 2022 - A IM Open"]
[Site "Olympik hotel, Prague"]
[Date "2022.01.08"]
[Round "2"]
[Board "23"]
[White "Witte, Ronald"]
[Black "Cholleti, Sahajasri"]
[Result "1/2-1/2"]
[WhiteElo "2025"]
[BlackElo "2235"]
[PlyCount "0"]
[EventDate "2022.01.07"]
[EventRounds "9"]
[EventCountry "CZE"]

1. d4 {[%clk 1:30:57]} Nf6 {[%clk 1:26:30]} 2. c4 {[%clk 1:31:13]} e6
{[%clk 1:26:56]} 3. Nf3 {[%clk 1:31:20]} Bb4+ {[%clk 1:27:13]} 4. Bd2
{[%clk 1:31:02]} Qe7 {[%clk 1:27:32]} 5. g3 {[%clk 1:29:54]} Nc6 {[%clk 1:27:54]}
6. Bg2 {[%clk 1:29:02]} Bxd2+ {[%clk 1:27:02]} 7. Nbxd2 {[%clk 1:22:15]} O-O
{[%clk 1:26:22]} 8. O-O {[%clk 1:22:19]} d6 {[%clk 1:26:46]} 9. e4
{[%clk 1:18:22]} e5 {[%clk 1:26:44]} 10. d5 {[%clk 1:18:21]} Nb8 {[%clk 1:26:51]}
11. b4 {[%clk 1:14:21]} a5 {[%clk 1:24:13]} 12. a3 {[%clk 1:14:13]} Na6
{[%clk 1:21:26]} 13. Ne1 {[%clk 1:00:55]} c6 {[%clk 1:17:26]} 14. Nd3
{[%clk 0:51:20]} cxd5 {[%clk 1:17:08]} 15. cxd5 {[%clk 0:50:24]} axb4
{[%clk 1:16:46]} 16. axb4 {[%clk 0:46:10]} Bg4 {[%clk 1:15:45]} 17. Bf3
{[%clk 0:33:41]} Bd7 {[%clk 1:13:42]} 18. Qb3 {[%clk 0:24:46]} Bb5
{[%clk 1:10:32]} 19. Nc4 {[%clk 0:18:56]} Nc7 {[%clk 1:02:25]} 20. Na3
{[%clk 0:09:14]} Ra6 {[%clk 0:50:47]} 21. Rfc1 {[%clk 0:05:13]} Rfa8
{[%clk 0:46:33]} 22. Kg2 {[%clk 0:04:03]} Nfe8 {[%clk 0:42:43]} 23. Nc2
{[%clk 0:01:30]} Ba4 {[%clk 0:42:06]} 24. Qb2 {[%clk 0:01:59]} Nb5
{[%clk 0:35:59]} 25. Nde1 {[%clk 0:02:27]} Qd7 {[%clk 0:29:27]} 26. Be2
{[%clk 0:02:48]} R6a7 {[%clk 0:26:54]} 27. Bxb5 {[%clk 0:02:31]} Bxb5
{[%clk 0:25:33]} 28. Rxa7 {[%clk 0:02:47]} Rxa7 {[%clk 0:26:01]} 29. Ra1
{[%clk 0:03:05]} Rxa1 {[%clk 0:25:44]} 30. Qxa1 {[%clk 0:03:34]} f5
{[%clk 0:25:59]} 31. exf5 {[%clk 0:02:07]} Qxf5 {[%clk 0:26:04]} 32. f3
{[%clk 0:01:21]} e4 {[%clk 0:22:24]} 33. Ne3 {[%clk 0:00:48]} exf3+
{[%clk 0:22:00]} 34. Nxf3 {[%clk 0:00:53]} Qd3 {[%clk 0:17:42]} 35. Qf1
{[%clk 0:00:31]} Qxe3 {[%clk 0:07:40]} 36. Qxb5 {[%clk 0:00:58]} Qe4
{[%clk 0:07:34]} 37. Qd7 {[%clk 0:00:38]} Kf8 {[%clk 0:06:34]} 38. Qe6
{[%clk 0:00:39]} Qxe6 {[%clk 0:03:46]} 39. dxe6 {[%clk 0:01:08]} Ke7
{[%clk 0:03:59]} 40. Nd4 {[%clk 0:01:12]} g6 {[%clk 0:01:14]} 41. Kf3
{[%clk 0:29:49]} Nc7 {[%clk 0:29:08]} 42. Ke4 {[%clk 0:29:15]} Kf6
{[%clk 0:29:07]} 43. Nf3 {[%clk 0:22:10]} h6 {[%clk 0:24:50]} 44. Kd4
{[%clk 0:12:25]} Kxe6 {[%clk 0:24:21]} 45. g4 {[%clk 0:12:04]} b5
{[%clk 0:18:42]} 46. g5 {[%clk 0:10:49]} h5 {[%clk 0:13:39]} 47. Nh4
{[%clk 0:11:11]} Kf7 {[%clk 0:13:55]} 48. Nf3 {[%clk 0:11:07]} Na6
{[%clk 0:12:14]} 49. Kd5 {[%clk 0:08:08]} Nxb4+ {[%clk 0:11:17]} 50. Kxd6
{[%clk 0:08:32]} Nd3 {[%clk 0:11:29]} 51. Kd5 {[%clk 0:08:16]} Nf4+
{[%clk 0:10:07]} 52. Ke4 {[%clk 0:04:17]} Ne6 {[%clk 0:10:31]} 53. Kd5
{[%clk 0:04:20]} Nf4+ {[%clk 0:07:55]} 54. Ke4 {[%clk 0:04:39]} Nh3
{[%clk 0:08:14]} 55. Ne5+ {[%clk 0:02:53]} Kg7 {[%clk 0:07:42]} 56. Nf3
{[%clk 0:03:22]} b4 {[%clk 0:06:46]} 57. Kd4 {[%clk 0:03:47]} Nf4
{[%clk 0:04:28]} 58. Ke4 {[%clk 0:02:25]} Nh3 {[%clk 0:04:07]} 59. Kd4
{[%clk 0:02:41]} b3 {[%clk 0:04:27]} 60. Kc3 {[%clk 0:03:04]} Kf7
{[%clk 0:04:12]} 61. Ne5+ {[%clk 0:02:04]} Kg7 {[%clk 0:03:21]} 62. Nf3
{[%clk 0:02:28]} Nf4 {[%clk 0:03:32]} 63. Kxb3 {[%clk 0:02:50]} Kf7
{[%clk 0:03:59]} 64. Kc4 {[%clk 0:02:04]} Ke6 {[%clk 0:04:23]} 65. Kd4
{[%clk 0:02:12]} Kf5 {[%clk 0:04:50]} 66. Ke3 {[%clk 0:02:10]} Nh3
{[%clk 0:04:29]} 67. Nd4+ {[%clk 0:01:17]} Kg4 {[%clk 0:04:14]} 68. Ne2
{[%clk 0:00:55]} Nxg5 {[%clk 0:03:27]} 69. Kf2 {[%clk 0:01:17]} Ne6
{[%clk 0:03:54]} 70. Ng1 {[%clk 0:01:23]} Nd4 {[%clk 0:02:33]} 71. Ke3
{[%clk 0:00:44]} Nf5+ {[%clk 0:02:21]} 72. Kf2 {[%clk 0:01:10]} g5
{[%clk 0:01:02]} 73. h3+ {[%clk 0:01:21]} Kf4 {[%clk 0:01:11]} 74. Ne2+
{[%clk 0:01:23]} Ke4 {[%clk 0:01:38]} 75. Nc3+ {[%clk 0:01:17]} Kd4
{[%clk 0:02:01]} 76. Nb5+ {[%clk 0:01:23]} Kd3 {[%clk 0:01:14]} 77. Nc7
{[%clk 0:01:33]} Nd4 {[%clk 0:01:08]} 78. Nd5 {[%clk 0:01:42]} Ne6
{[%clk 0:00:58]} 79. Nf6 {[%clk 0:01:50]} Nf4 {[%clk 0:00:43]} 80. Kf3
{[%clk 0:01:50]} Kd4 {[%clk 0:00:39]} 81. h4 {[%clk 0:01:51]} gxh4
{[%clk 0:00:53]} 82. Kxf4 {[%clk 0:01:52]} h3 {[%clk 0:01:21]}  1/2-1/2

[Event "Prague Open 2022 - A IM Open"]
[Site "Olympik hotel, Prague"]
[Date "2022.01.08"]
[Round "3"]
[Board "1"]
[White "Urkedal, Frode Olav Olsen"]
[Black "Lim, Zhuo Ren"]
[Result "1/2-1/2"]
[WhiteElo "2553"]
[BlackElo "2311"]
[PlyCount "0"]
[EventDate "2022.01.07"]
[EventRounds "9"]
[EventCountry "CZE"]

1. d4 {[%clk 1:26:27]} Nf6 {[%clk 1:30:54]} 2. c4 {[%clk 1:26:55]} e6
{[%clk 1:31:14]} 3. Nf3 {[%clk 1:27:22]} d5 {[%clk 1:31:31]} 4. Nc3
{[%clk 1:27:48]} dxc4 {[%clk 1:31:52]} 5. e4 {[%clk 1:23:03]} b5 {[%clk 1:32:13]}
6. e5 {[%clk 1:23:25]} Nd5 {[%clk 1:32:37]} 7. Nxb5 {[%clk 1:23:50]} Nb6
{[%clk 1:33:01]} 8. Be2 {[%clk 1:24:05]} Nc6 {[%clk 1:33:15]} 9. O-O
{[%clk 1:24:17]} Be7 {[%clk 1:33:38]} 10. Nc3 {[%clk 1:24:23]} O-O
{[%clk 1:32:57]} 11. Be3 {[%clk 1:24:47]} Rb8 {[%clk 1:32:34]} 12. a3
{[%clk 1:23:50]} Bb7 {[%clk 1:30:38]} 13. Qc2 {[%clk 1:23:46]} Na5
{[%clk 1:30:02]} 14. Ne4 {[%clk 1:22:34]} h6 {[%clk 1:28:18]} 15. Nfd2
{[%clk 1:18:56]} Nd5 {[%clk 1:18:29]} 16. Nxc4 {[%clk 1:15:43]} Nxc4
{[%clk 1:18:52]} 17. Bxc4 {[%clk 1:16:10]} Nxe3 {[%clk 1:18:48]} 18. fxe3
{[%clk 1:16:33]} Bxe4 {[%clk 1:13:18]} 19. Qxe4 {[%clk 1:16:35]} Rxb2
{[%clk 1:13:42]} 20. Rf3 {[%clk 1:15:21]} Qa8 {[%clk 1:08:44]} 21. d5
{[%clk 1:14:44]} Rd2 {[%clk 1:05:02]} 22. Bd3 {[%clk 1:11:13]} g6
{[%clk 1:01:51]} 23. Rg3 {[%clk 1:07:02]} Bg5 {[%clk 0:56:06]} 24. dxe6
{[%clk 1:06:44]} Qxe4 {[%clk 0:55:04]} 25. Bxe4 {[%clk 1:07:07]} Re8
{[%clk 0:50:41]} 26. exf7+ {[%clk 1:01:49]} Kxf7 {[%clk 0:51:02]} 27. Rf1+
{[%clk 1:02:15]} Kg7 {[%clk 0:49:31]} 28. Rc1 {[%clk 0:57:10]} Rxe5
{[%clk 0:47:54]} 29. Rxc7+ {[%clk 0:57:07]} Kg8 {[%clk 0:48:06]} 30. h4
{[%clk 0:55:19]} Rd1+ {[%clk 0:45:35]} 31. Kh2 {[%clk 0:55:41]} Rxe4
{[%clk 0:45:23]} 32. hxg5 {[%clk 0:56:01]} Rh4+ {[%clk 0:45:50]} 33. Rh3
{[%clk 0:56:20]} hxg5 {[%clk 0:46:11]} 34. Rxh4 {[%clk 0:54:53]} gxh4
{[%clk 0:46:37]} 35. Rxa7 {[%clk 0:55:17]} Rd3 {[%clk 0:45:57]} 36. Kh3
{[%clk 0:04:02]} g5 {[%clk 0:45:04]} 37. Kg4 {[%clk 0:04:00]} Rxe3
{[%clk 0:45:11]} 38. Kxg5 {[%clk 0:04:15]} Rg3+ {[%clk 0:45:31]} 39. Kxh4
{[%clk 0:04:41]} Rxg2 {[%clk 0:45:54]} 40. Re7 {[%clk 0:01:39]} Kf8
{[%clk 0:43:38]} 41. Re3 {[%clk 0:01:31]} Rg7 {[%clk 0:42:25]} 42. a4
{[%clk 0:01:40]} Re7 {[%clk 0:42:05]} 43. Ra3 {[%clk 0:01:53]} Ra7
{[%clk 0:41:22]} 44. Kg5 {[%clk 0:02:15]} Ke7 {[%clk 0:41:41]} 45. Kf5
{[%clk 0:02:38]}  1/2-1/2

[Event "Prague Open 2022 - A IM Open"]
[Site "Olympik hotel, Prague"]
[Date "2022.01.08"]
[Round "3"]
[Board "2"]
[White "Acor, Corey"]
[Black "Pijpers, Arthur"]
[Result "0-1"]
[WhiteElo "2303"]
[BlackElo "2486"]
[PlyCount "0"]
[EventDate "2022.01.07"]
[EventRounds "9"]
[EventCountry "CZE"]

1. e4 {[%clk 1:27:37]} c5 {[%clk 1:30:58]} 2. Nc3 {[%clk 1:27:58]} e6
{[%clk 1:31:12]} 3. g3 {[%clk 1:27:35]} Nc6 {[%clk 1:30:11]} 4. Bg2
{[%clk 1:27:49]} Nf6 {[%clk 1:30:36]} 5. d3 {[%clk 1:26:02]} d5 {[%clk 1:30:11]}
6. exd5 {[%clk 1:23:13]} exd5 7. Bg5 Be7 {[%clk 1:29:36]} 8. Bxf6
{[%clk 1:04:03]} Bxf6 {[%clk 1:29:50]} 9. Nxd5 {[%clk 1:04:27]} O-O
{[%clk 1:22:20]} 10. c3 {[%clk 0:53:32]} Ne5 {[%clk 1:13:41]} 11. h3
{[%clk 0:40:39]} Bf5 {[%clk 1:07:13]} 12. Ne2 {[%clk 0:27:47]} Nxd3+
{[%clk 1:05:51]} 13. Kf1 {[%clk 0:28:15]} Nxb2 {[%clk 0:53:56]} 14. Qb3
{[%clk 0:26:19]} Nd3 {[%clk 0:54:20]} 15. Qxb7 {[%clk 0:19:24]} Rb8
{[%clk 0:54:07]} 16. Qa6 {[%clk 0:19:45]} Rb2 {[%clk 0:35:22]} 17. Rd1
{[%clk 0:15:54]} Re8 {[%clk 0:33:01]} 18. Ne3 {[%clk 0:12:52]} Bg5
{[%clk 0:23:51]} 19. Nxf5 {[%clk 0:01:43]} Rexe2 {[%clk 0:23:25]} 20. Kg1
{[%clk 0:01:45]} Rxf2 {[%clk 0:22:39]} 21. Be4 {[%clk 0:00:52]} Rxf5
{[%clk 0:22:08]}  0-1

[Event "Prague Open 2022 - A IM Open"]
[Site "Olympik hotel, Prague"]
[Date "2022.01.08"]
[Round "3"]
[Board "4"]
[White "Torngren, Gustav"]
[Black "Neuman, Petr"]
[Result "0-1"]
[WhiteElo "2245"]
[BlackElo "2402"]
[PlyCount "0"]
[EventDate "2022.01.07"]
[EventRounds "9"]
[EventCountry "CZE"]

1. d4 {[%clk 1:25:43]} d6 {[%clk 1:30:35]} 2. e4 {[%clk 1:25:05]} Nf6
{[%clk 1:31:00]} 3. Nc3 {[%clk 1:25:18]} e5 {[%clk 1:31:25]} 4. Nf3
{[%clk 1:25:24]} Nbd7 {[%clk 1:31:49]} 5. Bc4 {[%clk 1:25:40]} Be7
{[%clk 1:32:13]} 6. a4 {[%clk 1:25:21]} O-O {[%clk 1:32:32]} 7. a5
{[%clk 1:25:18]} c6 {[%clk 1:31:37]} 8. O-O {[%clk 1:23:41]} Rb8 {[%clk 1:31:54]}
9. Re1 {[%clk 1:23:25]} b5 {[%clk 1:31:56]} 10. axb6 {[%clk 1:23:43]} axb6
{[%clk 1:32:21]} 11. Bf1 {[%clk 1:22:21]} b5 {[%clk 1:31:46]} 12. b3
{[%clk 1:13:11]} Bb7 {[%clk 1:30:19]} 13. Bb2 {[%clk 1:12:06]} Qc7
{[%clk 1:29:14]} 14. g3 {[%clk 1:05:33]} Rfe8 {[%clk 1:24:10]} 15. Bg2
{[%clk 1:05:45]} Bf8 {[%clk 1:24:25]} 16. dxe5 {[%clk 0:47:42]} dxe5
{[%clk 1:23:25]} 17. Qe2 {[%clk 0:47:51]} Nc5 {[%clk 1:19:32]} 18. Nb1
{[%clk 0:35:28]} Nfd7 {[%clk 1:18:10]} 19. Nbd2 {[%clk 0:35:01]} f6
{[%clk 1:16:48]} 20. h4 {[%clk 0:34:20]} Ne6 {[%clk 1:16:30]} 21. Nf1
{[%clk 0:34:11]} Bc5 {[%clk 1:16:34]} 22. Red1 {[%clk 0:32:54]} Ndf8
{[%clk 1:16:53]} 23. c3 {[%clk 0:27:34]} Rbd8 {[%clk 1:14:23]} 24. b4
{[%clk 0:26:56]} Be7 {[%clk 1:12:50]} 25. Ne3 {[%clk 0:26:58]} g6
{[%clk 1:12:31]} 26. h5 {[%clk 0:26:34]} Rxd1+ {[%clk 1:11:53]} 27. Rxd1
{[%clk 0:26:16]} Rd8 {[%clk 1:10:12]} 28. Nh4 {[%clk 0:21:37]} Bc8
{[%clk 1:04:57]} 29. hxg6 {[%clk 0:21:06]} hxg6 {[%clk 1:04:35]} 30. Qc2
{[%clk 0:21:25]} Rxd1+ {[%clk 1:02:30]} 31. Qxd1 {[%clk 0:21:53]} Ng5
{[%clk 1:02:36]} 32. Qc2 {[%clk 0:18:46]} Be6 {[%clk 1:01:25]} 33. Nf3
{[%clk 0:17:52]} Nfh7 {[%clk 0:59:33]} 34. Ne1 {[%clk 0:16:51]} Bf8
{[%clk 0:53:45]} 35. Nd3 {[%clk 0:15:14]} Qa7 {[%clk 0:45:33]} 36. c4
{[%clk 0:12:30]} Nh3+ {[%clk 0:35:17]} 37. Kh2 {[%clk 0:10:58]} N7g5
{[%clk 0:35:04]} 38. cxb5 {[%clk 0:04:27]} Qh7 {[%clk 0:32:49]} 39. bxc6
{[%clk 0:04:32]} Nf4+ {[%clk 0:32:24]} 40. Kg1 {[%clk 0:05:00]} Nxg2
{[%clk 0:32:30]} 41. Nxg2 {[%clk 0:04:03]} Nf3+ {[%clk 0:31:46]} 42. Kf1
{[%clk 0:04:31]} Qh1+ {[%clk 0:31:40]} 43. Ke2 {[%clk 0:05:00]} Qxg2
{[%clk 0:32:04]} 44. c7 {[%clk 0:04:11]} Ng1+ {[%clk 0:28:52]} 45. Kd2
{[%clk 0:01:09]} Bh6+ {[%clk 0:24:47]} 46. Kc3 {[%clk 0:01:37]} Qxe4
{[%clk 0:24:05]}  0-1

[Event "Prague Open 2022 - A IM Open"]
[Site "Olympik hotel, Prague"]
[Date "2022.01.08"]
[Round "3"]
[Board "5"]
[White "Haring, Filip"]
[Black "Michalczak, Thomas"]
[Result "1-0"]
[WhiteElo "2398"]
[BlackElo "2218"]
[PlyCount "0"]
[EventDate "2022.01.07"]
[EventRounds "9"]
[EventCountry "CZE"]

1. e4 {[%clk 1:30:55]} c5 {[%clk 1:30:54]} 2. Nf3 {[%clk 1:31:13]} e6
{[%clk 1:31:19]} 3. d4 {[%clk 1:29:18]} cxd4 {[%clk 1:31:43]} 4. Nxd4
{[%clk 1:29:43]} a6 {[%clk 1:32:08]} 5. Bd3 {[%clk 1:29:08]} Bc5 {[%clk 1:32:30]}
6. Nb3 {[%clk 1:29:30]} Ba7 {[%clk 1:32:56]} 7. Qe2 {[%clk 1:29:19]} d6
{[%clk 1:33:17]} 8. Nc3 {[%clk 1:29:09]} Nf6 {[%clk 1:32:01]} 9. g4
{[%clk 1:23:34]} h6 {[%clk 1:31:03]} 10. f3 {[%clk 1:18:38]} b5 {[%clk 1:21:25]}
11. Be3 {[%clk 1:14:05]} Nc6 {[%clk 1:19:50]} 12. O-O-O {[%clk 1:13:01]} b4
{[%clk 1:15:44]} 13. Nb1 {[%clk 1:04:07]} Ne5 {[%clk 1:13:46]} 14. h4
{[%clk 1:00:37]} Bxe3+ {[%clk 1:05:31]} 15. Qxe3 {[%clk 1:00:58]} Qc7
{[%clk 1:05:47]} 16. Be2 {[%clk 0:46:52]} Bb7 {[%clk 1:03:35]} 17. g5
{[%clk 0:40:08]} Rc8 {[%clk 1:03:16]} 18. c3 {[%clk 0:39:29]} Nfd7
{[%clk 0:58:51]} 19. f4 {[%clk 0:37:15]} Nc4 {[%clk 0:44:43]} 20. Bxc4
{[%clk 0:37:38]} Qxc4 {[%clk 0:45:06]} 21. Rd4 {[%clk 0:38:05]} Qb5
{[%clk 0:45:19]} 22. Rxd6 {[%clk 0:29:47]} bxc3 {[%clk 0:40:25]} 23. Nxc3
{[%clk 0:29:33]} Qa4 {[%clk 0:40:34]} 24. Rhd1 {[%clk 0:25:29]} Qxa2
{[%clk 0:28:06]} 25. Rxd7 {[%clk 0:21:45]} Qxb3 {[%clk 0:28:13]} 26. Qd4
{[%clk 0:22:12]} O-O {[%clk 0:20:23]} 27. gxh6 {[%clk 0:22:27]} e5
{[%clk 0:19:24]} 28. Qxe5 {[%clk 0:22:47]} f6 {[%clk 0:19:45]} 29. Rxg7+
{[%clk 0:22:41]} Kh8 {[%clk 0:20:08]} 30. Rdd7 {[%clk 0:21:40]} Bxe4
{[%clk 0:14:00]} 31. Qxe4 {[%clk 0:22:05]} Rxc3+ {[%clk 0:14:24]} 32. Kb1
{[%clk 0:22:10]}  1-0

[Event "Prague Open 2022 - A IM Open"]
[Site "Olympik hotel, Prague"]
[Date "2022.01.08"]
[Round "3"]
[Board "6"]
[White "Novotny, Michal"]
[Black "Jurcik, Marian"]
[Result "1/2-1/2"]
[WhiteElo "2243"]
[BlackElo "2397"]
[PlyCount "0"]
[EventDate "2022.01.07"]
[EventRounds "9"]
[EventCountry "CZE"]

1. e4 {[%clk 1:27:32]} c5 {[%clk 1:23:14]} 2. Nf3 {[%clk 1:24:10]} e6
{[%clk 1:20:55]} 3. g3 {[%clk 1:23:32]} Nc6 {[%clk 1:14:14]} 4. Bg2
{[%clk 1:23:44]} Nf6 {[%clk 1:11:34]} 5. Qe2 {[%clk 1:23:26]} d6 {[%clk 1:09:00]}
6. O-O {[%clk 1:23:22]} Be7 {[%clk 1:09:07]} 7. c3 {[%clk 1:23:40]} e5
{[%clk 1:07:57]} 8. Na3 {[%clk 1:23:38]} O-O {[%clk 1:08:07]} 9. d3
{[%clk 1:22:23]} Re8 {[%clk 1:02:51]} 10. Nc4 {[%clk 1:21:58]} b5
{[%clk 0:59:24]} 11. Ne3 {[%clk 1:18:57]} Bf8 {[%clk 0:59:11]} 12. Nh4
{[%clk 1:15:44]} Bd7 {[%clk 0:51:50]} 13. Bd2 {[%clk 1:11:49]} Rb8
{[%clk 0:51:21]} 14. Be1 {[%clk 1:07:14]} g6 {[%clk 0:44:47]} 15. f4
{[%clk 1:07:33]} exf4 {[%clk 0:44:46]} 16. gxf4 {[%clk 1:07:50]} Bg7
{[%clk 0:45:04]} 17. Bf3 {[%clk 0:58:44]} d5 {[%clk 0:37:37]} 18. Qg2
{[%clk 0:55:06]} d4 {[%clk 0:30:39]} 19. Nc2 {[%clk 0:54:01]} Qc8
{[%clk 0:30:30]} 20. Qd2 {[%clk 0:38:43]} Bg4 {[%clk 0:26:36]} 21. cxd4
{[%clk 0:35:57]}  1/2-1/2